000 00487ntaaa2200181 4500
003 01
005 20251027201951.0
008 0714s1973 ag 01
040 _aAR-BaBN
_bspa
_cAR-BaBN
_eaacr
_dRIC
082 _a248.0000 W58
100 _aWhite, Reginald E. O.
_918198
245 _aInto the same image
250 _a1 ed. :
_bMarshall, Morgan and Scott,
_cc1957
300 _a207 p.
500 _a"Expository studies of the Christian ideal"
650 _aVida Cristiana
942 _cBK
999 _c14404
_d14404